1483 1215 1875 1357 1537 1748 1259 1992 1189 1876 1429 1532 1587 1108 1931 1761 1330 1426 1892 1586 1519 1264 1263 1847 1788 1453 1155 1829 1993 1495 1923 1338 1232 1458 1548 1552 1378 1846 1072 1094 1414 1075 1532 1310 1841 1449 1061 1016 1550 1418 1518 1164 1787 1538 1702 1718 1180 1685 1698 1237 1801 1302 1473 1156 1793 1121 1545 1206 1296 1189 1377 1112 1701 1270 1793 1939 1194 1456 1560 1691 1186 1663 1099 1062 1614 1392 1159 1549 1302 1260 1326 1688 1440 1188 1756 1351 1692 1674 1883 BCNSPRNW ULIB Ver.6.0+V

เปลี่ยนเป็นภาษาไทย

Change to English
 แสดงรายละเอียดบรรณานุกรม
  กลับหน้าหลัก

Brief Record : Get Marc (ISO 2709) : E-mail record : QR code < ปิดหน้าต่าง
LEADER : 00000nam 2200000uu 4500
001    13399113596
003     ULIB
008    111202s2552||||th 000 0 tha d
020    ^a1745561215
060 04 ^aWA292^bก469
245 00 ^aการปฐมพยาบาลและการพยาบาลฉุกเฉิน /^cบรรณาธิการ, วิภาพรวรหาญ, จงรัก อิฐรัตน์, สุวรรณา บุญยะลีพรรณ
250    ^aพิมพ์ครั้งที่ 13
260    ^aขอนแก่น :^bโครงการตำราภาควิชาการพยาบาลอายุรศาสตร์และศัลยศาสตร์ คณะพยาบาลศาสตร์ มหาวิทยาลัยขอนแก่น,^c2552
300    ^a229 หน้า :^bภาพประกอบ ;^c27 ซม.
650  7 ^aปฐมพยาบาล
650  7 ^aการพยาบาลฉุกเฉิน
700 0  ^aจงรัก อิฐรัตน์,^eบรรณาธิการ
700 0  ^aวิภาพร วรหาญ,^eบรรณาธิการ
700 0  ^aสุวรรณา บุญยะลีพรรณ,^eบรรณาธิการ
710 2  ^aมหาวิทยาลัยขอนแก่น.^bโครงการตำราภาควิชาการพยาบาลอายุรศาสตร์และศัลยศาสตร์
945    ^p140^l0^i17133
945    ^p140^l0^i16710
945    ^p140^l0^i16711
945    ^p140^l0^i17131
945    ^p140^l0^i17132
995    ^aกัณชพร
999    ^aใช้งานได้ทุกระบบ
รายการนี้ยังไม่มีแท็ก
คุณยังไม่ได้ล็อกอิน คุณสามารถมีกิจกรรมร่วมกับเว็บไซต์ได้ แต่ต้องล็อกอินก่อน ::
  ล็อกอิน

รายการสื่อสารสนเทศ

ลำดับที่ ประเภท เลขเรียก/บาร์โค้ด สถานที่ สถานะ
- ไม่พบข้อมูล -

รายการใกล้เคียง
    หัวเรื่อง [ปฐมพยาบาล]
    หัวเรื่อง [การพยาบาลฉุกเฉิน]

BibComment


ยังไม่เคยถูกคอมเมนท์

คอมเมนท์ทรัพยากรรายการนี้
  คอมเมนท์: การปฐมพยาบาลและก..


 Copyright 2026. Bcnsprnw @Library